Rock Songs - Sudden Death - Statistics

General Stats
  • This quiz has been taken 1,246 times
  • The average score is 11 of 18
Answers on the Grid
Answers color-coded by a green-red scale on the quiz's grid according to % correct below.
Blinding Lights
Blitzkrieg Bop
Bohemian Rhapsody
Dream On
Empire State of Mind
Enter Sandman
Fast Car
Gloria
Hips Don’t Lie
Hotel California
Houdini
In Da Club
In the End
Johnny B. Goode
La Grange
London Calling
Not Like Us
November Rain
Say My Name
Silent Lucidity
Smells Like Teen Spirit
Stairway to Heaven
Starman
Still D.R.E
Tutti Frutti
What a Wonderful World
Whole Lotta Love
Without Me
Yeah!
Yellow
 
Answer Stats
Answer % Correct
Bohemian Rhapsody
92%
Hotel California
83%
Smells Like Teen Spirit
82%
Dream On
81%
Stairway to Heaven
81%
Enter Sandman
79%
November Rain
66%
Blitzkrieg Bop
65%
Johnny B. Goode
63%
Whole Lotta Love
59%
In the End
56%
London Calling
54%
Starman
52%
La Grange
45%
Yellow
39%
Tutti Frutti
37%
Gloria
26%
Silent Lucidity
26%
No matching quizzes found
Score Distribution
Percent of People with Each Score
Percentile by Number Answered
Your Score History
You have not taken this quiz